Inovácia marketingových procesov vybraného produktu diplomová práca

Enregistré dans:
Détails bibliographiques
Auteur principal: Marek, Viliam
Collectivité auteur: Obchodná fakulta EU. Katedra marketingu
Autres auteurs: Daneshjo, Naqibullah, 1964-
Format: Livre
Langue:slovaque
Publié: Bratislava 2021
Tags: Ajouter un tag
Pas de tags, Soyez le premier à ajouter un tag!

MARC

LEADER 00000nbm a2200000 4500
001 0274476
005 20220131133327.2
041 0 |a slo 
044 |a SK 
245 1 0 |a Inovácia marketingových procesov vybraného produktu  |b diplomová práca  |c Viliam Marek ; školiteľ: Naqibullah Daneshjo 
264 1 |a Bratislava  |c 2021 
300 |a 53 s. 
100 1 |a Marek, Viliam 
700 1 |a Daneshjo, Naqibullah, 1964- 
710 2 |a Obchodná fakulta EU. Katedra marketingu